Pays en ordre de superficie par lettre - Statistiques

Statistiques générales
  • Ce quiz a été pris 603 fois
  • Le résultat moyen est 120 sur 196
Statistiques - réponses
Superficie (en km2) Réponse % Correct
7 692 060 Australie
96%
2 791 810 Argentine
90%
2 381 741 Algérie
87%
8 514 876 Brésil
87%
9 984 670 Canada
84%
9 596 960 Chine
83%
338 145 Finlande
82%
632 734 France
82%
468 Andorre
81%
2 210 579 Danemark
81%
9 833 517 États-Unis
81%
1 246 700 Angola
80%
18 270 Fidji
80%
29 743 Arménie
79%
3 287 263 Inde
79%
357 386 Allemagne
78%
2 724 900 Kazakhstan
78%
112 090 Honduras
77%
1 904 569 Indonésie
77%
652 230 Afghanistan
76%
442 Antigua-et-Barbuda
76%
2 149 690 Arabie saoudite
76%
377 975 Japon
76%
89 342 Jordanie
76%
17 125 191 Russie
76%
93 028 Hongrie
75%
1 219 912 Afrique du Sud
74%
86 600 Azerbaïdjan
74%
1 098 581 Bolivie
74%
23 200 Djibouti
74%
435 052 Irak
74%
1 648 195 Iran
74%
1 127 127 Éthiopie
73%
11 586 Qatar
73%
1 141 748 Colombie
72%
754 Dominique
72%
505 911 Espagne
72%
11 425 Jamaïque
72%
198 500 Kirghizistan
72%
527 968 Yemen
72%
390 745 Zimbabwe
72%
117 600 Érythrée
71%
27 750 Haïti
71%
0,4 Vatican
71%
752 614 Zambie
71%
83 871 Autriche
70%
430 Barbade
70%
755 276 Chili
70%
580 367 Kenya
70%
811 Kiribati
70%
1 964 375 Mexique
70%
1 001 450 Égypte
69%
1 564 116 Mongolie
69%
309 500 Oman
69%
176 220 Uruguay
69%
30 688 Belgique
68%
581 726 Botswana
68%
45 339 Estonie
68%
102 775 Islande
68%
447 400 Ouzbékistan
68%
283 520 Équateur
67%
245 857 Guinée
67%
70 273 Irlande
67%
301 336 Italie
67%
17 818 Koweït
67%
825 418 Namibie
67%
916 445 Venezuela
67%
28 748 Albanie
66%
207 600 Biélorussie
66%
22 072 Israël
66%
1 759 540 Libye
66%
65 303 Lituanie
66%
2 Monaco
66%
241 550 Ouganda
66%
17 363 Eswatini
65%
64 559 Lettonie
65%
160 Liechtenstein
65%
1 030 700 Mauritanie
65%
12 189 Vanuatu
65%
82 880 Émirats arabes unis
64%
108 890 Guatemala
64%
10 908 Kosovo
64%
21 Nauru
64%
881 913 Pakistan
64%
1 285 216 Pérou
64%
676 578 Birmanie
63%
267 667 Gabon
63%
1 267 000 Niger
63%
923 768 Nigeria
63%
13 943 Bahamas
62%
22 966 Belize
62%
603 549 Ukraine
62%
5 765 Brunei
61%
69 700 Géorgie
61%
344 Grenade
61%
36 120 Guinée-Bissau
61%
28 051 Guinée équatoriale
61%
1 241 238 Mali
61%
2 345 410 République démocratique du Congo
61%
38 394 Bhoutan
60%
10 452 Liban
60%
92 090 Portugal
60%
26 338 Rwanda
60%
330 967 Viêt Nam
60%
110 944 Bulgarie
59%
2 586 Luxembourg
59%
783 562 Turquie
59%
120 540 Corée du Nord
58%
100 210 Corée du Sud
58%
131 957 Grèce
58%
710 850 Maroc
58%
801 590 Mozambique
58%
385 207 Norvège
58%
26 Tuvalu
58%
27 83 Burundi
57%
56 594 Croatie
57%
11 300 Gambie
57%
236 800 Laos
57%
129 494 Nicaragua
57%
459 Palaos
57%
312 679 Pologne
57%
61 Saint-Marin
57%
1 886 068 Soudan
57%
765 Bahreïn
56%
114 763 Bénin
56%
181 035 Cambodge
56%
475 440 Cameroun
56%
2 612 Comores
56%
238 540 Ghana
56%
316 Malte
56%
406 752 Paraguay
56%
300 400 Philippines
56%
238 397 Roumanie
56%
488 100 Turkménistan
56%
147 570 Bangladesh
55%
51 100 Costa Rica
55%
702 Micronésie
55%
147 516 Népal
55%
389 Saint-Vincent-et-les-Grenadines
55%
51 197 Bosnie-Herzégovine
54%
274 400 Burkina Faso
54%
342 000 Congo
54%
110 860 Cuba
54%
214 970 Guyana
54%
111 369 Liberia
54%
261 Saint-Christophe-et-Niévès
54%
1 284 000 Tchad
54%
329 750 Malaisie
53%
620 Sainte-Lucie
53%
619 745 Soudan du Sud
53%
4 033 Cap-Vert
52%
587 041 Madagascar
52%
78 870 République tchèque
52%
246 690 Royaume-Uni
52%
945 087 Tanzanie
52%
9 251 Chypre
51%
30 355 Lesotho
51%
13 812 Monténégro
51%
268 680 Nouvelle-Zélande
51%
75 420 Panama
51%
462 840 Papouasie-Nouvelle-Guinée
51%
747 Tonga
51%
298 Maldives
50%
449 965 Suède
50%
5 128 Trinité-et-Tobago
50%
181 Marshall
49%
143 100 Tadjikistan
49%
514 000 Thaïlande
49%
25 713 Macédoine du Nord
48%
622 984 République centrafricaine
48%
48 442 République dominicaine
48%
637 657 Somalie
48%
2 040 Maurice
47%
2 944 Samoa
47%
49 035 Slovaquie
47%
41 285 Suisse
47%
163 610 Tunisie
47%
33 851 Moldavie
46%
1 001 Sao Tomé-et-Principe
46%
455 Seychelles
46%
20 273 Slovénie
46%
56 785 Togo
45%
322 462 Côte d'Ivoire
44%
118 844 Malawi
44%
724 Singapour
43%
163 270 Suriname
43%
41 530 Pays-Bas
42%
77 474 Serbie
42%
35 980 Taïwan
42%
20 742 Salvador
40%
15 410 Timor oriental
40%
65 610 Sri Lanka
39%
196 722 Sénégal
38%
185 180 Syrie
38%
28 450 Salomon
37%
71 740 Sierra Leone
36%
Aucun quiz correspondant
Distribution des résultats
% des personnes avec chaque résultat
Percentile par nombre de réponses
Votre historique - résultats
Vous n’avez pas pris ce quiz